00402nam a22001337a 4500082001200000100002000012245005000032260005200082300000800134650001300142942000700155952008900162999001700251 a230 WAR aWard, Marcus A. aThe Outlines of Christian Doctrine: Volume II aChennaibThe Christian Literature Societyc1955 a238 aTheology cBK 00104070aHMIbHMIcGENd2018-04-16l0o230 WARp01446r2018-04-16w2026-01-16yEB c20917d20917